000 00739cab a2200241 4500
001 ABS54283
008 090401t1996 xxu||||| |||| 00| 0 eng d
035 _a(Sirsi) u9533
041 _aeng
100 _aParsley, D.
245 _aSuite sensation
260 _c1996
350 _a0
490 _aProperty Week
_v54(5) 1 February 1996, 20-21(2)
520 _aDefines the concept of hotelling and its relationship to hot desk and serviced offices. NatWest Bank is planning to let part of Natwest Tower for this short-term use.
650 _aHOTEL-STYLE OFFICES
650 _aHOTELLING
650 _aNATWEST TOWER
650 _aSERVICED OFFICES
690 _aCOMMERCIAL PROPERTY-MANAGEMENT
942 _n0
948 _c04/03/1997
999 _c5971
_d5971